Практическая грамматика французского языка для неязыковых вузов: учебное пособие для вузов

Opis bibliograficzny
1. autor: Костецкая Е.О. Елена Осиповна
Kolejni autorzy: Кардашевский В.И. Валерьян Иванович
Streszczenie:Загл. пер. и корешка: Грамматика французского языка
Język:francuski
rosyjski
Wydane: Москва, Высшая школа, 1979
Wydanie:8-е изд., стер.
Hasła przedmiotowe:
Format: MixedMaterials Książka
KOHA link:https://koha.lib.tpu.ru/cgi-bin/koha/opac-detail.pl?biblionumber=264943

MARC

LEADER 00000nam0a2200000 4500
001 264943
005 20231101233857.0
035 |a (RuTPU)RU\TPU\book\287941 
035 |a BOOK00023760 
035 |a RU\TPU\book\23687 
090 |a 264943 
100 |a 20011209d1979 m y0rusy50 ca 
101 0 |a fre  |a rus 
102 |a RU 
105 |a y j 000zy 
200 1 |a Практическая грамматика французского языка для неязыковых вузов  |e учебное пособие для вузов  |f Е.О. Костецкая, В.И. Кардашевский 
205 |a 8-е изд., стер. 
210 |a Москва  |c Высшая школа  |d 1979 
215 |a 280 с. 
300 |a Загл. пер. и корешка: Грамматика французского языка 
516 1 |a Грамматика французского языка 
606 1 |a Французский язык  |x Учебные руководства и пособия для вузов  |x Пособия по грамматике  |2 stltpush  |3 (RuTPU)RU\TPU\subj\16838  |9 42738 
610 1 |a учебные пособия 
610 1 |a грамматика 
610 1 |a морфология 
610 1 |a синтаксис 
686 |a Ш147.11-923.2  |v LBC/SL-A  |2 rubbk 
700 1 |a Костецкая  |b Е.О.  |g Елена Осиповна 
701 1 |a Кардашевский  |b В.И.  |g Валерьян Иванович 
801 1 |a RU  |b 63413507  |c 20140623 
801 2 |a RU  |b 63413507  |c 20221207  |g RCR 
942 |c BK